Most Watched Shows On Netflix - Statistics

General Stats
  • This quiz has been taken 74 times
  • The average score is 3 of 10
Answer Stats
Hint Answer % Correct
7 Stranger Things
81%
1 Squidgame
61%
3 Money Heist
44%
2 Bridgerton
35%
6 13 Reasons Why
34%
9 Breaking Bad
29%
4 The Witcher
23%
8 The Umbrella Academy
19%
10 Ozark
11%
5 Lupin
6%
No matching quizzes found
Score Distribution
Percent of People with Each Score
Percentile by Number Answered
Your Score History
You have not taken this quiz